00347nam a2200133Ia 4500008004100000020001500041050001600056245001700072250003400089300003200123650001200155700003100167999001500198151015s9999 xx 000 0 und d a9966980105 aP MLC 2003  aNjau Rebeka  a_The sacred seed Rebeka Njau  aNairobi Books Horizon 2003  a_Story  a^d20110420 11:53:26^okorir c1784d1784